[Event "FRA T.IV"]
[Site "Toulouse"]
[Date "2005.12.04"]
[Round "3"]
[White "Raynaud, Pascal"]
[Black "Taravaud, Evelyne"]
[Result "1-0"]
[WhiteElo "1680"]
[BlackElo "1640"]
[PlyCount "87"]
[EventDate "2005.??.??"]
[EventType "team-match"]
[EventCountry "FRA"]

1. Nf3 d5 2. d4 Nc6 3. Bf4 Nf6 4. e3 e6 5. a3 Be7 6. Bb5 Bd7 7. h3 a6 8. Bd3
Ne4 9. Bxe4 dxe4 10. Nfd2 Na5 11. b4 Nc6 12. Nxe4 b6 13. c4 Na7 14. d5 exd5 15.
cxd5 Bf5 16. Nbc3 Nb5 17. Nxb5 axb5 18. Ng3 Bc8 19. Nh5 O-O 20. Qd4 f6 21. O-O
Bf5 22. Rfc1 Bd6 23. Bxd6 Qxd6 24. Rc6 Qe7 25. d6 cxd6 26. Rxd6 Qc7 27. Qd5+
Kh8 28. Rd1 Qe7 29. Qxf5 g6 30. Qxb5 gxh5 31. a4 Rg8 32. Qxb6 Qe4 33. Qc6 Qxb4
34. Rd8 Rgxd8 35. Qxf6+ Kg8 36. Rxd8+ Rxd8 37. Qxd8+ Kf7 38. a5 Qe1+ 39. Kh2
Qxf2 40. Qd5+ Ke7 41. Qg5+ Kd7 42. a6 Qf8 43. Qd5+ Kc7 44. a7 1-0

[Event "FRA T.IV"]
[Site "Toulouse"]
[Date "2005.04.12"]
[Round "3"]
[White "Rouede, Gilbert"]
[Black "Ribou, Jacques"]
[Result "1/2-1/2"]
[WhiteElo "1822"]
[BlackElo "1870"]
[PlyCount "22"]
[EventDate "2005.??.??"]
[EventType "team-match"]
[EventCountry "FRA"]

1. e4 c5 2. Nf3 e6 3. d4 cxd4 4. Nxd4 Nc6 5. Be3 Qc7 6. Be2 a6 7. O-O Nf6 8. f3
Bd6 9. g3 Nxd4 10. Bxd4 Bxg3 11. hxg3 Qxg3+ 1/2-1/2

[Event "FRA T.IV"]
[Site "Toulouse"]
[Date "2005.04.12"]
[Round "3"]
[White "Saunders, Mark A"]
[Black "Hoeltzel, Guillaume"]
[Result "1-0"]
[WhiteElo "1699"]
[BlackElo "1620"]
[PlyCount "55"]
[EventDate "2005.??.??"]
[EventType "team-match"]
[EventCountry "FRA"]

1. e4 e5 2. f4 d6 3. Nf3 Bg4 4. Bc4 Nf6 5. Nc3 Nc6 6. h3 Bxf3 7. Qxf3 Nd4 8.
Qd1 Qd7 9. d3 exf4 10. Bxf4 c5 11. O-O Be7 12. Nd5 b5 13. Nxf6+ Bxf6 14. Bd5
Rd8 15. c3 Ne6 16. Bg3 O-O 17. Qg4 Qe7 18. Rf5 Nc7 19. Bb3 Kh8 20. Raf1 Be5 21.
Bxe5 f6 22. Bg3 a5 23. Bc2 Qf7 24. b3 c4 25. d4 Qe6 26. bxc4 bxc4 27. Rxa5 Rd7
28. a4 1-0

[Event "FRA T.IV"]
[Site "Toulouse"]
[Date "2005.12.04"]
[Round "3"]
[White "Videau, Yannick"]
[Black "Brochet, Thierry"]
[Result "1-0"]
[WhiteElo "1810"]
[BlackElo "1763"]
[PlyCount "89"]
[EventDate "2005.??.??"]
[EventType "team-match"]
[EventCountry "FRA"]

1. e4 c5 2. Nf3 d6 3. d4 cxd4 4. Nxd4 Nf6 5. Nc3 g6 6. Be3 Bg7 7. f3 O-O 8. Bc4
Nc6 9. Qd2 Bd7 10. O-O-O Rc8 11. Bb3 Qa5 12. Kb1 Ne5 13. Bg5 Nc4 14. Bxc4 Rxc4
15. Nb3 Qd8 16. e5 Ne8 17. Nd5 f6 18. Nxf6+ exf6 19. Qd5+ Kh8 20. exf6 Bxf6 21.
Bxf6+ Rxf6 22. Qxc4 Nc7 23. Rhe1 Be6 24. Qh4 Kg7 25. Nc5 Qg8 26. Nxe6+ Rxe6 27.
Rxe6 Qxe6 28. Qd4+ Kf7 29. Qxd6 Qxd6 30. Rxd6 Ke7 31. Rd3 Nb5 32. c4 Nd6 33. c5
Nb5 34. a4 Nc7 35. b4 Ne6 36. Kb2 a5 37. Re3 axb4 38. Kb3 Kd7 39. Rxe6 Kxe6 40.
Kxb4 Kd7 41. Kb5 Kc7 42. f4 Kc8 43. g4 Kd7 44. Kb6 Kc8 45. f5 1-0

[Event "FRA T.IV"]
[Site "Toulouse"]
[Date "2005.12.04"]
[Round "3.1"]
[White "Dhorne, Sebastien"]
[Black "Cesbron, Guy"]
[Result "0-1"]
[WhiteElo "2150"]
[BlackElo "2135"]
[PlyCount "74"]
[EventDate "2005.??.??"]
[EventType "team-match"]
[EventCountry "FRA"]

1. d4 d5 2. c4 e6 3. Nc3 Nf6 4. Bg5 Be7 5. Nf3 Nbd7 6. e3 c6 7. Qc2 O-O 8. Be2
dxc4 9. Bxc4 Nd5 10. Bxe7 Qxe7 11. O-O Nxc3 12. bxc3 e5 13. e4 c5 14. Rfd1 cxd4
15. cxd4 exd4 16. Rxd4 Nc5 17. Bd5 Bg4 18. e5 Bxf3 19. Bxf3 Qxe5 20. Rad1 Rac8
21. Rd5 Qe7 22. Qf5 Rfe8 23. h4 b6 24. Rd6 Qxh4 25. g3 Qe7 26. Bd5 Ne6 27. Bc6
Red8 28. Rd7 Rxd7 29. Rxd7 Qf6 30. Qd5 Rd8 31. a4 g6 32. Bb5 Rxd7 33. Qxd7 Qd4
34. Qxa7 Ng5 35. Qa8+ Kg7 36. Kg2 Ne4 37. Kf3 Qxf2+ 0-1

[Event "FRA T.IV"]
[Site "Toulouse"]
[Date "2005.12.04"]
[Round "3.1"]
[White "Hantisse, Alain"]
[Black "Vialaret, Laurent"]
[Result "0-1"]
[WhiteElo "1980"]
[BlackElo "2081"]
[PlyCount "32"]
[EventDate "2005.??.??"]
[EventType "team-match"]
[EventCountry "FRA"]

1. e4 e5 2. Nf3 Nc6 3. Bb5 a6 4. Ba4 Bc5 5. O-O d6 6. h3 f5 7. d4 Ba7 8. Bxc6+
bxc6 9. exf5 e4 10. Re1 Bxf5 11. Nc3 Nf6 12. Bg5 d5 13. Ne5 Qd6 14. Bxf6 Qxf6
15. f3 Qxe5 16. Qe2 Bxd4+ 0-1

[Event "FRA T.IV"]
[Site "Toulouse"]
[Date "2005.04.12"]
[Round "3.1"]
[White "Serres, Olivier"]
[Black "Thamier, Stephan"]
[Result "1-0"]
[WhiteElo "2000"]
[BlackElo "1970"]
[PlyCount "53"]
[EventDate "2005.??.??"]
[EventType "team-match"]
[EventCountry "FRA"]

1. e4 e5 2. Nf3 d5 3. exd5 Qxd5 4. Nc3 Qe6 5. b3 Bd6 6. Bc4 Qg6 7. O-O Bh3 8.
Nh4 Qg4 9. Qxg4 Bxg4 10. h3 Bd7 11. Re1 Nc6 12. Nb5 f6 13. Nxd6+ cxd6 14. c3
Nge7 15. b4 d5 16. Bb3 e4 17. g4 g6 18. f3 f5 19. fxe4 dxe4 20. g5 O-O-O 21. d3
exd3 22. b5 Na5 23. Rxe7 Nxb3 24. axb3 Bxb5 25. Rxa7 Bd7 26. Bf4 b6 27. Rc7+
1-0

[Event "FRA T.IV"]
[Site "Toulouse"]
[Date "2005.12.04"]
[Round "3.2"]
[White "Alonso, Jesus"]
[Black "Grill, Marc"]
[Result "0-1"]
[WhiteElo "1840"]
[BlackElo "2140"]
[PlyCount "76"]
[EventDate "2005.??.??"]
[EventType "team-match"]
[EventCountry "FRA"]

1. e4 d6 2. d4 Nf6 3. Nc3 Nbd7 4. Nf3 e5 5. Bc4 Be7 6. Bxf7+ Kxf7 7. Ng5+ Kg8
8. Ne6 Qe8 9. Nxc7 Qg6 10. Nxa8 Qxg2 11. Rf1 exd4 12. Qxd4 Ne5 13. f4 Nfg4 14.
Qd5+ Nf7 15. Qb5 Bh4+ 16. Kd1 Bd7 17. Qe2 Nf2+ 18. Rxf2 Bxf2 19. f5 Qg1+ 20.
Kd2 Ne5 21. Qd1 Be1+ 22. Qxe1 Nf3+ 23. Ke2 Nxe1 24. Bd2 Qxh2+ 25. Kxe1 Qh1+ 26.
Ke2 Qxa1 27. Nd5 Qxb2 28. Nac7 Qxc2 29. f6 Qxe4+ 30. Be3 Qc4+ 31. Ke1 gxf6 32.
Nxf6+ Kf7 33. Ncd5 Bc6 34. Nf4 Kxf6 35. Kf2 Re8 36. Nh5+ Kf7 37. Ng3 Rxe3 38.
Kxe3 Qc3+ 0-1

[Event "FRA T.IV"]
[Site "Toulouse"]
[Date "2005.12.04"]
[Round "3.2"]
[White "Lacresse, Regis"]
[Black "Durbize, Patrick"]
[Result "0-1"]
[WhiteElo "1890"]
[BlackElo "1940"]
[PlyCount "127"]
[EventDate "2005.??.??"]
[EventType "team-match"]
[EventCountry "FRA"]

1. c4 Nf6 2. Nc3 g6 3. d4 Bg7 4. e4 d6 5. Bd3 O-O 6. f3 Nc6 7. Be3 Nd7 8. Nge2
e5 9. d5 Ne7 10. g4 c6 11. Ng3 Nb6 12. Qd2 cxd5 13. cxd5 Bd7 14. a4 Rc8 15. b3
a6 16. Rc1 Be8 17. h4 Nd7 18. b4 Nb6 19. a5 Nc4 20. Bxc4 Rxc4 21. Nce2 Qc8 22.
Rxc4 Qxc4 23. Kf2 Qc8 24. Rc1 Qb8 25. Bb6 Nc8 26. Bc7 Qa8 27. h5 Bd7 28. Kg2
Re8 29. hxg6 fxg6 30. Qg5 Qa7 31. Rh1 Rf8 32. Qd2 Rf7 33. Rc1 Bf8 34. Qc3 Bh6
35. Rc2 Ba4 36. Bb6 Nxb6 37. axb6 Qxb6 38. Qc8+ Rf8 39. Qe6+ Kh8 40. Rc8 Rxc8
41. Qxc8+ Kg7 42. Nh5+ gxh5 43. Ng3 Kf7 44. Qe6+ Kf8 45. Qxh6+ Kg8 46. Nxh5 Kf7
47. Qxh7+ Ke8 48. Nf6+ Kd8 49. g5 Qxb4 50. g6 Qd2+ 51. Kh3 Bb5 52. Kh4 Qh2+ 53.
Kg5 Qf4+ 54. Kh5 Qxf6 55. Qxb7 Be8 56. Qb8+ Ke7 57. Qc7+ Kf8 58. Kg4 Qf4+ 59.
Kh5 Qxf3+ 60. Kh6 Qf4+ 61. Kh5 Qh2+ 62. Kg4 Qg2+ 63. Kh5 Bxg6+ 64. Kh6 0-1

[Event "FRA T.IV"]
[Site "Toulouse"]
[Date "2005.04.12"]
[Round "3.2"]
[White "Nivat, Alain"]
[Black "Schegerin, Andre"]
[Result "0-1"]
[WhiteElo "1886"]
[BlackElo "1840"]
[PlyCount "82"]
[EventDate "2005.??.??"]
[EventType "team-match"]
[EventCountry "FRA"]

1. e4 e5 2. Nf3 Nc6 3. Bc4 Bc5 4. b4 Bxb4 5. c3 Ba5 6. d4 d6 7. Qb3 Qe7 8. d5
Nd4 9. Nxd4 exd4 10. Qa4+ Bd7 11. Qxa5 Qxe4+ 12. Kd1 Qxg2 13. Re1+ Kd8 14. cxd4
Qxf2 15. Be3 Qxh2 16. Qb4 b6 17. Nd2 Nf6 18. Bg1 Qg3 19. Kc2 a5 20. Qb3 Qg6+
21. Kb2 a4 22. Qf3 a3+ 23. Kc3 Qh5 24. Qxh5 Nxh5 25. Ne4 h6 26. Be2 Nf4 27. Bh2
Nxd5+ 28. Kc4 Be6 29. Kd3 Bf5 30. Bf3 Nf6 31. Kd2 Bxe4 32. Bxe4 Nxe4+ 33. Rxe4
Re8 34. Rae1 Rxe4 35. Rxe4 Ra5 36. Bg3 Kd7 37. Bh4 g5 38. Bg3 Rb5 39. Kc3 Rb2
40. Re1 Rxa2 41. Kb3 Rg2 0-1

[Event "FRA T.IV"]
[Site "Toulouse"]
[Date "2005.04.12"]
[Round "3.3"]
[White "Eb Levadoux, Yvan"]
[Black "Nouvel, Denis"]
[Result "1-0"]
[WhiteElo "1870"]
[BlackElo "1700"]
[PlyCount "133"]
[EventDate "2005.??.??"]
[EventType "team-match"]
[EventCountry "FRA"]

1. e4 e5 2. Nf3 Nc6 3. d4 exd4 4. Bc4 Nf6 5. O-O Nxe4 6. Re1 d5 7. Bxd5 Qxd5 8.
Nc3 Qh5 9. Nxe4 Be6 10. Bg5 Bb4 11. Nxd4 Qxd1 12. Rexd1 Nxd4 13. Rxd4 Be7 14.
Bxe7 Kxe7 15. Nc5 Rhd8 16. Re4 b6 17. Nxe6 fxe6 18. Rae1 Rd6 19. f4 Rf8 20. g3
h5 21. h4 g6 22. Kf2 Rf5 23. c4 c5 24. R1e3 Rf8 25. a3 a5 26. Kf3 Rf6 27. g4
hxg4+ 28. Kxg4 Rf5 29. b3 Kf7 30. Re5 Rxe5 31. fxe5 Rd8 32. Rf3+ Ke7 33. Kg5
Rd4 34. Rf6 Re4 35. Kxg6 Rxe5 36. Rf7+ Kd6 37. h5 Re3 38. Rf4 Rg3+ 39. Kh7 Ke7
40. h6 Rg2 41. Rf3 Rg4 42. Kh8 Rg6 43. Kh7 Rg5 44. b4 a4 45. bxc5 bxc5 46. Rf2
e5 47. Rb2 Rg3 48. Rb7+ Kf8 49. Rg7 Rxa3 50. Rg2 Rf3 51. Kg6 Kg8 52. Rd2 Rg3+
53. Kf5 Kh7 54. Kxe5 Rg6 55. Kd5 Kxh6 56. Kxc5 Ra6 57. Kb4 Kg6 58. Ra2 Kf6 59.
Rxa4 Rxa4+ 60. Kxa4 Ke6 61. Kb5 Kd7 62. Kb6 Kc8 63. c5 Kb8 64. Kc6 Kc8 65. Kd6
Kd8 66. c6 Kc8 67. c7 1-0

[Event "FRA T.IV"]
[Site "Toulouse"]
[Date "2005.12.04"]
[Round "3.3"]
[White "Hutin, Christophe"]
[Black "Arioli, Claude"]
[Result "0-1"]
[WhiteElo "2138"]
[BlackElo "1920"]
[PlyCount "100"]
[EventDate "2005.??.??"]
[EventType "team-match"]
[EventCountry "FRA"]

1. Nf3 Nf6 2. g3 g6 3. Bg2 c5 4. O-O Bg7 5. d3 d5 6. Nbd2 Nc6 7. e4 O-O 8. h3
e5 9. exd5 Nxd5 10. Re1 Be6 11. c3 h6 12. Nc4 f6 13. Qe2 Qd7 14. Kh2 b5 15. Ne3
Rfc8 16. Nh4 Kh7 17. a4 b4 18. Nxd5 Bxd5 19. Be3 Bxg2 20. Nxg2 Bf8 21. Red1 Qd5
22. h4 h5 23. g4 hxg4 24. Qxg4 Bd6 25. h5 Rg8 26. Rh1 f5 27. Qh3 f4 28. Kg1 g5
29. Qf5+ Kg7 30. h6+ Kh8 31. Qf6+ Kh7 32. Qf5+ Rg6 33. Qd7+ Ne7 34. c4 Qxd3 35.
Bxc5 Qf5 36. Qb5 Rb8 37. Qa5 e4 38. Qxa7 Qxc5 39. Qd7 Qc8 40. Qxc8 Rxc8 41. b3
Bc5 42. Rd1 Rd6 43. Rxd6 Bxd6 44. Kf1 Bc5 45. Ne1 Nc6 46. Nc2 Nd4 47. Nxd4 Bxd4
48. Ke2 f3+ 49. Ke1 Rd8 50. Rg1 Bc3+ 0-1

[Event "FRA T.IV"]
[Site "Toulouse"]
[Date "2005.12.04"]
[Round "3.3"]
[White "Moiseyev, Vlas"]
[Black "Noll, Dominik"]
[Result "0-1"]
[WhiteElo "1810"]
[BlackElo "1699"]
[PlyCount "72"]
[EventDate "2005.??.??"]
[EventType "team-match"]
[EventCountry "FRA"]

1. e4 c5 2. Nf3 e6 3. d4 cxd4 4. Nxd4 Qb6 5. Nc3 Bc5 6. Na4 Qa5+ 7. c3 Bxd4 8.
Qxd4 Nf6 9. Nc5 Nc6 10. Qe3 O-O 11. Be2 d5 12. O-O Qc7 13. f4 dxe4 14. Nxe4 Nd5
15. Qg3 Nce7 16. Bd3 Nf5 17. Qh3 f6 18. Bd2 Nh6 19. Qf3 Bd7 20. c4 Ne7 21. b4
b6 22. Bc3 Bc6 23. b5 Bb7 24. Qh5 Nef5 25. Qe2 Rad8 26. Rac1 Nd4 27. Qf2 Ndf5
28. Qe2 Nd4 29. Qf2 Ndf5 30. Qe2 Nd4 31. Qf2 Ng4 32. Qh4 Bxe4 33. Bxe4 Ne2+ 34.
Kh1 f5 35. Rc2 Qxc4 36. Bb4 Ng3+ 0-1

[Event "FRA T.IV"]
[Site "Toulouse"]
[Date "2005.12.04"]
[Round "3.4"]
[White "Boulogne, Laurent"]
[Black "Boughriet, Mehdi"]
[Result "1-0"]
[WhiteElo "1770"]
[BlackElo "1840"]
[PlyCount "99"]
[EventDate "2005.??.??"]
[EventType "team-match"]
[EventCountry "FRA"]

1. d4 Nf6 2. c4 c5 3. d5 b5 4. cxb5 a6 5. f3 g6 6. e4 d6 7. Nc3 Bg7 8. Be2 O-O
9. h4 axb5 10. Nxb5 Na6 11. Nh3 Nc7 12. Nc3 Ba6 13. Nf4 e6 14. dxe6 fxe6 15.
Be3 Qe7 16. Bxa6 Rxa6 17. Qb3 Raa8 18. O-O Rfb8 19. Qc2 d5 20. exd5 exd5 21.
Rfe1 Qd6 22. Rad1 Re8 23. Bc1 Rxe1+ 24. Rxe1 Rd8 25. Na4 Nd7 26. b3 Nb6 27.
Qxc5 Qxc5+ 28. Nxc5 Bd4+ 29. Be3 Bxe3+ 30. Rxe3 Nb5 31. Re6 Nd7 32. Nxd7 Rxd7
33. Nd3 Nd4 34. Rb6 Re7 35. Rd6 Ne2+ 36. Kf2 Nc3 37. a4 Re2+ 38. Kg3 Re3 39.
Nc5 Kf7 40. Kf4 Re2 41. g4 Re1 42. Kg5 Rf1 43. Rd7+ Ke8 44. Rxh7 Rxf3 45. Rg7
Ne4+ 46. Nxe4 dxe4 47. Rxg6 Ke7 48. Rc6 e3 49. Rc1 e2 50. Re1 1-0

[Event "FRA T.IV"]
[Site "Toulouse"]
[Date "2005.12.04"]
[Round "3.4"]
[White "Garcia del Prado, Bruno"]
[Black "Rodriguez, Angel"]
[Result "0-1"]
[WhiteElo "1790"]
[BlackElo "2087"]
[PlyCount "68"]
[EventDate "2005.??.??"]
[EventType "team-match"]
[EventCountry "FRA"]

1. e4 c5 2. Nf3 d6 3. d4 cxd4 4. Nxd4 Nf6 5. Nc3 g6 6. Be3 Bg7 7. Be2 O-O 8.
O-O Nc6 9. Qd2 Bd7 10. f4 b5 11. Ndxb5 Rb8 12. Rab1 Qa5 13. Bd3 Ng4 14. Kh1
Nxe3 15. Qxe3 a6 16. b4 Qd8 17. Nxd6 Bxc3 18. Bxa6 Bd4 19. Qd3 exd6 20. b5 Qf6
21. bxc6 Bxc6 22. Rbd1 Bc5 23. Qe2 Rfe8 24. Bd3 Rb4 25. c4 Rb2 26. Rd2 Rxd2 27.
Qxd2 Bxe4 28. Re1 Bc6 29. Rf1 Qd4 30. f5 Be4 31. f6 Qxd3 32. Qc1 Qe2 33. Rg1
Bxg1 34. Qg5 Be3 0-1

[Event "FRA T.IV"]
[Site "Toulouse"]
[Date "2005.04.12"]
[Round "3.4"]
[White "Van Hall, Pieter"]
[Black "Aurejac, Pierre"]
[Result "1-0"]
[WhiteElo "1800"]
[BlackElo "1640"]
[PlyCount "101"]
[EventDate "2005.??.??"]
[EventType "team-match"]
[EventCountry "FRA"]

1. c4 e5 2. Nc3 Nf6 3. g3 c6 4. Bg2 d6 5. d3 Be7 6. Bg5 Nbd7 7. e3 Ng4 8. Bxe7
Qxe7 9. Qxg4 O-O 10. Qe2 Nf6 11. Nf3 Re8 12. O-O Qc7 13. b4 a6 14. a4 Bd7 15.
Rfc1 Rab8 16. Nd2 Kh8 17. Nce4 Ng4 18. c5 d5 19. Nd6 Re7 20. Nf3 f6 21. Nh4 Nh6
22. Rf1 Nf7 23. Qh5 Kg8 24. Nhf5 Bxf5 25. Nxf5 Ree8 26. Qg4 g6 27. Nh4 Nh6 28.
Qd1 e4 29. Bh3 Qg7 30. dxe4 dxe4 31. Qb3+ Kh8 32. Rad1 f5 33. Rd6 Nf7 34. Rd7
Rf8 35. Rfd1 Qf6 36. Bf1 Ne5 37. R7d6 Qg7 38. Be2 g5 39. Ng2 f4 40. exf4 gxf4
41. Nh4 f3 42. Bf1 Rbe8 43. Qe3 Ng4 44. Qd4 Nf6 45. Nf5 Qg5 46. Ne3 h5 47. h4
Qg6 48. Bh3 Re7 49. Rd8 Qg7 50. Nf5 Rxd8 51. Qxd8+ 1-0

[Event "FRA T.IV"]
[Site "Toulouse"]
[Date "2005.12.04"]
[Round "3.5"]
[White "Avdagic, Hilmija"]
[Black "Ajdari, Emmanuel"]
[Result "1-0"]
[WhiteElo "1840"]
[BlackElo "1620"]
[PlyCount "51"]
[EventDate "2005.??.??"]
[EventType "team-match"]
[EventCountry "FRA"]

1. d4 d5 2. Nf3 Nf6 3. Bg5 Ne4 4. Bh4 Bf5 5. e3 Nd7 6. c4 Ndf6 7. Be2 e6 8. O-O
Be7 9. Qb3 Rb8 10. Qa4+ Qd7 11. Qxa7 O-O 12. Ne5 Qe8 13. Qa5 Bd6 14. f3 Ra8 15.
Qe1 g5 16. fxe4 Nxe4 17. Bf2 f6 18. Nf3 g4 19. Nh4 Qh5 20. c5 g3 21. Bxh5 gxf2+
22. Rxf2 Nxf2 23. Qxf2 Be4 24. Nc3 Be7 25. Nxe4 dxe4 26. Qc2 1-0

[Event "FRA T.IV"]
[Site "Toulouse"]
[Date "2005.04.12"]
[Round "3.5"]
[White "Fabre, Philippe"]
[Black "Rouqual, Guy"]
[Result "0-1"]
[WhiteElo "1698"]
[BlackElo "1620"]
[PlyCount "86"]
[EventDate "2005.??.??"]
[EventType "team-match"]
[EventCountry "FRA"]

1. e4 c6 2. d4 d5 3. exd5 cxd5 4. Bd3 Nc6 5. c3 Nf6 6. Bf4 g6 7. Nf3 Bg7 8.
Nbd2 a6 9. O-O Bf5 10. Bxf5 gxf5 11. Ne5 Rc8 12. Ndf3 h6 13. Nh4 e6 14. Re1 Ne4
15. Nhf3 Bxe5 16. Nxe5 Qh4 17. Bg3 Qg5 18. h4 Qg7 19. Re3 Rg8 20. Rf3 Nxe5 21.
dxe5 h5 22. Qa4+ Rc6 23. Qd4 Qf8 24. Bf4 Rg4 25. g3 Qe7 26. Kh1 Kf8 27. Rd1 Kg7
28. b3 b5 29. Rdd3 a5 30. Qe3 Qa3 31. Bh6+ Kg6 32. Bg5 Qxa2 33. Qa7 Qa1+ 34.
Kg2 Qe1 35. Qa8 Kh7 36. Qxc6 Nxg5 37. hxg5 h4 38. Qd7 Kg7 39. Qe7 h3+ 40. Kh2
Qf1 41. Qf6+ Kg8 42. Qd8+ Kh7 43. g6+ Rxg6 0-1

[Event "FRA T.IV"]
[Site "Toulouse"]
[Date "2005.12.04"]
[Round "3.5"]
[White "Tesan, Michael"]
[Black "Breton, Yves"]
[Result "1-0"]
[WhiteElo "2085"]
[BlackElo "1860"]
[PlyCount "99"]
[EventDate "2005.??.??"]
[EventType "team-match"]
[EventCountry "FRA"]

1. e4 e6 2. d4 d5 3. e5 c5 4. Nf3 Nc6 5. Bd3 cxd4 6. a3 Nge7 7. Qe2 Ng6 8. O-O
Be7 9. Re1 Bd7 10. g3 Rc8 11. h4 O-O 12. h5 Nh8 13. b4 f5 14. Bf4 Nf7 15. Nbd2
g5 16. hxg6 hxg6 17. Nb3 g5 18. Bd2 g4 19. Nfxd4 Bg5 20. Bf4 Bxf4 21. gxf4 Nxd4
22. Nxd4 Nh8 23. Kg2 Ng6 24. Qe3 Nh4+ 25. Kg3 Kf7 26. Bxf5 Nxf5+ 27. Nxf5 exf5
28. e6+ Bxe6 29. Qxe6+ Kg7 30. Rad1 Rc3+ 31. Kg2 Rxa3 32. Rxd5 Qf6 33. Rd7+ Rf7
34. Qd5 Ra6 35. b5 Rb6 36. c4 g3 37. fxg3 Qb2+ 38. Kf3 Rbf6 39. Rxb7 Qc3+ 40.
Re3 Qc1 41. Rxf7+ Rxf7 42. Kf2 Qb1 43. Re1 Qb2+ 44. Kg1 Qb3 45. Kg2 Qb2+ 46.
Kh3 Qf2 47. Re8 Qf1+ 48. Kh4 Kf6 49. Qe5+ Kg6 50. Rg8+ 1-0

[Event "FRA T.IV"]
[Site "Toulouse"]
[Date "2005.12.04"]
[Round "3.6"]
[White "Misiaszek, Stephan"]
[Black "Alladaye, Rene"]
[Result "0-1"]
[WhiteElo "1600"]
[BlackElo "1720"]
[PlyCount "90"]
[EventDate "2005.??.??"]
[EventType "team-match"]
[EventCountry "FRA"]

1. d4 Nf6 2. Nf3 g6 3. e3 Bg7 4. Bd3 d6 5. Nbd2 O-O 6. O-O Nbd7 7. c4 e5 8. d5
Nc5 9. Be2 Nce4 10. Nxe4 Nxe4 11. Nd2 Nxd2 12. Bxd2 f5 13. Bc3 Qe7 14. Qc2 Bd7
15. f3 Rf7 16. e4 f4 17. b4 Bf8 18. Be1 h5 19. g4 hxg4 20. fxg4 Rh7 21. Bf3 Qf6
22. Qg2 Be7 23. a4 Kf7 24. Kf2 Qh4+ 25. Kg1 Qh6 26. Ra2 Rah8 27. a5 Bh4 28. Qe2
Bxe1 29. Rxe1 Qg5 30. Qd1 Rh4 31. Rg2 Rh3 32. Rf1 Qh4 33. Qe2 g5 34. Rff2 Qh6
35. Qd1 Ke7 36. Rc2 Ba4 37. c5 Bxc2 38. Rxc2 Rxh2 39. cxd6+ Kxd6 40. Rxh2 Qxh2+
41. Kf1 Rh3 42. Bg2 Rg3 43. Qc2 f3 44. Qc5+ Kd7 45. Qb5+ Kd8 0-1

[Event "FRA T.IV"]
[Site "Toulouse"]
[Date "2005.04.12"]
[Round "3.6"]
[White "Montreuille, Pierre"]
[Black "Sujoyan, Ararat"]
[Result "1/2-1/2"]
[WhiteElo "1590"]
[BlackElo "1599"]
[PlyCount "59"]
[EventDate "2005.??.??"]
[EventType "team-match"]
[EventCountry "FRA"]

1. Nf3 d6 2. d4 g6 3. b3 Bg7 4. Bb2 Nh6 5. h3 b6 6. e3 Bb7 7. Bd3 Nd7 8. O-O
O-O 9. Nbd2 e6 10. c4 c5 11. Qc2 Re8 12. Rfe1 Qe7 13. Re2 e5 14. d5 Nf6 15. e4
Bc8 16. Re3 Nh5 17. Nh2 Nf4 18. Bf1 Rf8 19. Rg3 f5 20. Re1 Nh5 21. Rf3 Bd7 22.
exf5 Rxf5 23. Bd3 Rxf3 24. Ndxf3 Nf4 25. Be4 Rf8 26. Bc1 Qf7 27. Ng5 Qf6 28.
Bxf4 exf4 29. Ne6 Re8 30. Nf3 1/2-1/2

[Event "FRA T.IV"]
[Site "Toulouse"]
[Date "2005.12.04"]
[Round "3.6"]
[White "Saubiette, Jean Michel"]
[Black "Lassabe, Nicolas"]
[Result "1-0"]
[WhiteElo "1690"]
[BlackElo "1900"]
[PlyCount "69"]
[EventDate "2005.??.??"]
[EventType "team-match"]
[EventCountry "FRA"]

1. e4 c5 2. c3 d5 3. exd5 Qxd5 4. d4 Nc6 5. Nf3 Bg4 6. Be2 e6 7. O-O Nf6 8. Be3
cxd4 9. Nxd4 Bxe2 10. Qxe2 Bc5 11. Nb5 Rc8 12. Rd1 Qe5 13. N1a3 Bxa3 14. Nxa3
O-O 15. Qb5 Qc7 16. Qg5 Nd5 17. Nb5 Qa5 18. Nd6 Rc7 19. Bf4 Nxf4 20. Qxf4 Ne7
21. Ne4 Nd5 22. Qh4 h6 23. Rd2 Rfc8 24. Nd6 Rf8 25. a3 Qb6 26. Ne4 Rfc8 27. Qg3
f5 28. Nd6 f4 29. Nxc8 Rxc8 30. Qg4 Qa6 31. Rxd5 Qc6 32. Rd3 Rf8 33. Rad1 e5
34. Rd6 Qc4 35. Qe6+ 1-0

[Event "FRA T.IV"]
[Site "Toulouse"]
[Date "2005.12.04"]
[Round "3.7"]
[White "Artis, Francois"]
[Black "Martin de la Moutte, Paul"]
[Result "1-0"]
[WhiteElo "1760"]
[BlackElo "1500"]
[PlyCount "71"]
[EventDate "2005.??.??"]
[EventType "team-match"]
[EventCountry "FRA"]

1. e4 c5 2. d4 cxd4 3. c3 dxc3 4. Nxc3 Nc6 5. Be3 e6 6. a3 Nf6 7. Rc1 d5 8. Qc2
d4 9. Rd1 e5 10. Bg5 h6 11. Bxf6 Qxf6 12. Nd5 Qd8 13. Bc4 Be6 14. Qa4 f5 15.
Nc7+ Qxc7 16. Bxe6 fxe4 17. Bd5 e3 18. fxe3 dxe3 19. Nf3 Bd6 20. Rc1 Rc8 21.
O-O Rf8 22. Qe4 Qb6 23. Qg6+ Kd7 24. Qxg7+ Kd8 25. Qxh6 e2+ 26. Rf2 Bc5 27. Kh1
Nd4 28. Qxb6+ axb6 29. Bxb7 Rc7 30. b4 Nxf3 31. bxc5 Rxc5 32. Rb1 Rb5 33. Ra1
Rb2 34. Rxf3 Rg8 35. Re3 Rxg2 36. Bxg2 1-0

[Event "FRA T.IV"]
[Site "Toulouse"]
[Date "2005.12.04"]
[Round "3.7"]
[White "Bouhana, Marie"]
[Black "Taieb, Marcel"]
[Result "0-1"]
[WhiteElo "1840"]
[BlackElo "1650"]
[PlyCount "72"]
[EventDate "2005.??.??"]
[EventType "team-match"]
[EventCountry "FRA"]

1. c4 g6 2. g3 Bg7 3. Bg2 Nf6 4. Nc3 Nc6 5. e4 e5 6. Nge2 d6 7. O-O h5 8. f4 h4
9. f5 hxg3 10. Nxg3 Nh5 11. Qg4 Nf4 12. Nge2 Rh4 13. Qg3 Nh5 14. Qf2 gxf5 15.
Nd5 f4 16. Nxc7+ Kf8 17. Nxa8 Qg5 18. d3 Bh3 19. Kh1 Bxg2+ 20. Qxg2 Rg4 21. Qf2
Nd4 22. Rg1 Nxe2 23. Rxg4 Qxg4 24. Bd2 Qh3 25. Rg1 Nhg3+ 26. Rxg3 Nxg3+ 27. Kg1
Nh5 28. Qe2 Bf6 29. Bb4 Ke7 30. c5 dxc5 31. Bxc5+ Kd7 32. Bxa7 Bd8 33. Nb6+
Bxb6+ 34. Bxb6 f3 35. Qf2 Nf4 36. d4 Nd3 0-1

[Event "FRA T.IV"]
[Site "Toulouse"]
[Date "2005.12.04"]
[Round "3.8"]
[White "Deliot, Philippe"]
[Black "Blesing, Alicia"]
[Result "0-1"]
[WhiteElo "1540"]
[BlackElo "1730"]
[PlyCount "56"]
[EventDate "2005.??.??"]
[EventType "team-match"]
[EventCountry "FRA"]

1. d4 Nf6 2. Nc3 g6 3. e4 d6 4. f4 Bg7 5. Nf3 O-O 6. Bd3 c5 7. dxc5 dxc5 8. Qe2
Nc6 9. Be3 Nd4 10. Bxd4 cxd4 11. Nb5 Qb6 12. b3 Rd8 13. h3 Nh5 14. O-O-O Ng3
15. Qf2 Nxh1 16. Rxh1 a6 17. Na3 Qb4 18. Nc4 b5 19. Nb2 Bb7 20. e5 Bxf3 21.
Qxf3 Rac8 22. g4 Rc7 23. h4 a5 24. g5 a4 25. h5 axb3 26. axb3 Ra7 27. Nd1 Ra1+
28. Kb2 Qa3# 0-1

[Event "FRA T.IV"]
[Site "Toulouse"]
[Date "2005.12.04"]
[Round "3.8"]
[White "Saubiette, Cyrille"]
[Black "Brauckmann, Hartwick"]
[Result "1/2-1/2"]
[WhiteElo "1750"]
[BlackElo "1710"]
[PlyCount "117"]
[EventDate "2005.??.??"]
[EventType "team-match"]
[EventCountry "FRA"]

1. d4 Nf6 2. Bg5 d5 3. Nf3 e6 4. Nbd2 Be7 5. e3 Nbd7 6. Bd3 c5 7. c3 b6 8. O-O
Bb7 9. Qc2 Rc8 10. Rfe1 h6 11. Bf4 Nh5 12. Be5 Nhf6 13. Bg3 Nh5 14. Bb5 Nxg3
15. fxg3 O-O 16. Bxd7 Qxd7 17. Ne5 Qc7 18. Rf1 Bd6 19. Ndf3 Bc6 20. Qe2 Be8 21.
Rf2 f6 22. Nd3 Bh5 23. Nf4 Bxf3 24. Qxf3 Bxf4 25. gxf4 Qf7 26. Raf1 Qd7 27. Qg4
f5 28. Qh5 Qe8 29. Qh4 Qd8 30. Qh3 Rf6 31. g4 fxg4 32. Qxg4 Rc7 33. Rg2 Qe8 34.
Rf3 Rcf7 35. h4 Kf8 36. Rfg3 Ke7 37. Qh5 Rf5 38. Qe2 Kf8 39. Rg4 Qe7 40. R2g3
h5 41. Rg5 Rxg5 42. Rxg5 g6 43. Qh2 Rf6 44. Qg3 Kf7 45. Kg2 cxd4 46. exd4 Qc7
47. Re5 Qc4 48. b3 Qc7 49. Qe3 Qe7 50. Kg3 Qa3 51. Qe2 Qc1 52. Qe3 Qc2 53. c4
Qd1 54. Rg5 dxc4 55. bxc4 Qc2 56. c5 bxc5 57. Rxc5 Qxa2 58. Qc3 Qb1 59. Rc7+
1/2-1/2